Statistics for Countries Quizmaster has visited

Click here to take the quiz!

General Stats

  • This quiz has been taken 16 times
    (8 since last reset)
  • The average score is 20 of 24

Answer Stats

Continent Country % Correct
OceaniaAustralia
100%
EuropeGermany
100%
Europethe Netherlands
100%
AsiaJapan
100%
EuropeUnited Kingdom
100%
EuropeIreland
100%
EuropeItaly
100%
EuropeFrance
100%
North AmericaUnited States of America
100%
AsiaChina
100%
North AmericaCanada
100%
EuropeDenmark
86%
North AmericaMexico
86%
EuropeAustria
86%
OceaniaNew Zealand
86%
EuropeNorway
86%
South AmericaPeru
86%
EuropeSpain
86%
EuropeVatican City
71%
EuropeSweden
71%
EuropeMonaco
57%
AsiaThailand
43%
North AmericaCosta Rica
43%
AfricaTanzania
29%

Score Distribution

Percentile by Number Answered

Percent of People with Each Score

Your Score History

You have not taken this quiz since the last reset